[Event "South America-ch U16 13th"]
[Site "Santiago de Chile"]
[Date "2016.12.03"]
[Round "4"]
[White "Huarcaya Silloca, Carlos Enrique"]
[Black "Reyes Vidal, Ilyan"]
[Result "1-0"]
[WhiteElo "1835"]
[BlackElo "1417"]
[PlyCount "61"]
[EventDate "2016.12.01"]
[EventType "swiss"]
[EventRounds "9"]
[EventCountry "CHI"]
[SourceTitle "EXT 2018"]
[Source "ChessBase"]
[SourceDate "2017.10.13"]
[SourceVersion "1"]
[SourceVersionDate "2017.10.13"]
[SourceQuality "1"]

1. e4 e6 2. d4 d5 3. Nd2 c5 4. exd5 Qxd5 5. Ngf3 Nf6 6. Bc4 Qc6 7. Qe2 Bd7 8. Ne5 Qxg2 9. Rf1 Bd6 10. Ndf3 Bxe5 11. dxe5 Nd5 12. Rg1 Qh3 13. Rxg7 Qh5 14. Rg5 Qh3 15. Bxd5 exd5 16. e6 Bxe6 17. Qb5+ Bd7 18. Re5+ Kd8 19. Bg5+ Kc8 20. Qxc5+ Bc6 21. Re3 b6 22. Qd6 Qd7 23. Qf6 Qd8 24. Qxd8+ Rxd8 25. Bxd8 Kxd8 26. Ne5 Be8 27. 0-0-0 Kc7 28. Rxd5 Na6 29. Rd4 Nc5 30. Nxf7 Kc6 31. Nd8+ 1-0